000 00325nam a22001337a 4500
003 SGT
020 _a9788179104798
082 _a150.72,GOE
100 _aGOEL,SUSHIL KUMAR
245 _aRESEARCH ON PSYCHO-SPCIAL DIMENSIONS
260 _aJAIPUR
_bAAVISHKAR PUBLISHERS DISTRIBUTORS
_c2015
300 _a251
942 _2ddc
_cBK
999 _c34108
_d34108